Mais números! (Hidráulico e combustível) - Statistics

Estatísticas Gerais
  • Esse quiz foi jogado 174 vezes
  • A pontuação média é 18 de 24
Estatísticas das Respostas
Hint Resposta % Correto
Qtd de filtros 6
100%
Qtd de respiros 4
97%
Qtd de bicos injetores 6
97%
Qtd de válvulas unidirecionais 6
94%
Qtd de drenos 7
94%
Malha grossa 4
92%
Octanagem da gasolina 100/130
86%
Pressão nominal 1500
83%
Ou aeroshell 4
81%
Óleo do sistema MILH5606
78%
Tensão das válvulas 18 a 30
72%
Qtd de cilindros mestres 4
72%
Qtd de válvulas lançadeiras (freio) 2
69%
Qtd de válvulas de estacionamento 2
69%
Deflexão máxima do flape 60
67%
Fluxo nominal da bomba 0,91
64%
Tempo limite baixamento do flape 14
64%
Capacidade da bomba manual 16
64%
Qtos conjuntos de freios? 2
64%
Acumulador de pressão (capacidade) 250
64%
Acumulador de pressão (pressão nominal) 765
58%
Qtos pol pra buzina do trem tocar? +- 15
56%
Válvula de expansão térmica 1800 a 1850
44%
Regulador de Pressão 950+-10 1550+-20
42%
Nenhum quiz correspondente encontrado
Distribuição das Pontuações
Porcentagem de Pessoas com Cada Pontuação
Percentil de Números Respondidos
Sua Pontuação Histórica
Você não jogou esse quiz